000 00881nam a22002777a 4500
001 BR7000773
003 BR-BrBNA
005 20230928083616.0
007 ta
008 230509b bl.||||| |||| 00| 0 por d
040 _aBR-BrBNA
_bpor
_cBiblioteca Nacional de Agricultura
041 _a(Por)
072 _aN10; P12
_b/G514
090 _ N10 BR7000773
110 1 _aConstrutora Eletro Civil Cecil Ltda., Vitoria, ES (Brasil)
_92756
245 1 _aProjeto de eletrificacao para irrigacao de uma area do comando Agro-Industrial e Comercio Ltda. [Espirito Santo; Brasil]
260 3 _aVitoria, ES (Brasil):
_c1970.
300 _a30 p.
500 _a7 tables; 10 Maps (scale 1:25,000 to 1:20,000)
650 _aENGENHARIA RURAL
650 _aIRRIGACAO
650 _aELETRIFICACAO RURAL
650 _aESPIRITO SANTO
909 _a202309
_bLucia
_c55
_dLucia Elande
942 _cBK
999 _c14451
_d14451